<?xml version="1.0" encoding="UTF-8"?>
<record
    xmlns:xsi="http://www.w3.org/2001/XMLSchema-instance"
    xsi:schemaLocation="http://www.loc.gov/MARC21/slim http://www.loc.gov/standards/marcxml/schema/MARC21slim.xsd"
    xmlns="http://www.loc.gov/MARC21/slim">

  <leader>02818ngm a2200433   4500</leader>
  <controlfield tag="003">dpl</controlfield>
  <controlfield tag="005">20100304145356.0</controlfield>
  <controlfield tag="007">DVD</controlfield>
  <controlfield tag="008">||||||sp199   xxu|||||c |||  00| 0 ng d </controlfield>
  <datafield tag="010" ind1=" " ind2=" ">
    <subfield code="a">DVD-005951-5958 &amp; DVD-006379</subfield>
  </datafield>
  <datafield tag="024" ind1=" " ind2=" ">
    <subfield code="a">E-DVD-B-6021</subfield>
    <subfield code="c">69.00</subfield>
  </datafield>
  <datafield tag="035" ind1=" " ind2=" ">
    <subfield code="a">DVD-005951-5958</subfield>
  </datafield>
  <datafield tag="035" ind1=" " ind2=" ">
    <subfield code="a">DVD-006379</subfield>
  </datafield>
  <datafield tag="040" ind1=" " ind2=" ">
    <subfield code="a">DPL</subfield>
    <subfield code="c">DPL</subfield>
  </datafield>
  <datafield tag="082" ind1=" " ind2=" ">
    <subfield code="a">DVD MAUS</subfield>
  </datafield>
  <datafield tag="245" ind1=" " ind2=" ">
    <subfield code="a">Mausam</subfield>
    <subfield code="c">Gulzar's Presents</subfield>
    <subfield code="h">[videorecording] VCD/</subfield>
  </datafield>
  <datafield tag="260" ind1=" " ind2=" ">
    <subfield code="b">Eagle Home Entertainment</subfield>
  </datafield>
  <datafield tag="300" ind1=" " ind2=" ">
    <subfield code="a">2 videodisc VCD;</subfield>
    <subfield code="b">sd., col. ;</subfield>
    <subfield code="c">4 3/4 in.</subfield>
    <subfield code="f">VCD</subfield>
  </datafield>
  <datafield tag="440" ind1=" " ind2=" ">
    <subfield code="a">Eagle Video Home Entertainment</subfield>
  </datafield>
  <datafield tag="538" ind1=" " ind2=" ">
    <subfield code="a">Dolby Digital 5.1 - Hindi Subtitles: English</subfield>
  </datafield>
  <datafield tag="650" ind1=" " ind2=" ">
    <subfield code="a">Motion Picture</subfield>
  </datafield>
  <datafield tag="700" ind1=" " ind2=" ">
    <subfield code="a">Sanjeev Kumar </subfield>
  </datafield>
  <datafield tag="700" ind1=" " ind2=" ">
    <subfield code="a">Tagore, Sharmila</subfield>
  </datafield>
  <datafield tag="700" ind1=" " ind2=" ">
    <subfield code="a">Rao, P.Mallikharjuna</subfield>
  </datafield>
  <datafield tag="700" ind1=" " ind2=" ">
    <subfield code="a">Gulzar</subfield>
  </datafield>
  <datafield tag="700" ind1=" " ind2=" ">
    <subfield code="a">Mandan Mohan</subfield>
  </datafield>
  <datafield tag="942" ind1=" " ind2=" ">
    <subfield code="c">CF</subfield>
    <subfield code="2">ddc</subfield>
    <subfield code="h">DVD</subfield>
    <subfield code="m">MAUS</subfield>
  </datafield>
  <datafield tag="999" ind1=" " ind2=" ">
    <subfield code="c">34403</subfield>
    <subfield code="d">34403</subfield>
  </datafield>
  <datafield tag="952" ind1=" " ind2=" ">
    <subfield code="0">0</subfield>
    <subfield code="1">0</subfield>
    <subfield code="2">ddc</subfield>
    <subfield code="4">0</subfield>
    <subfield code="7">0</subfield>
    <subfield code="a">L</subfield>
    <subfield code="b">L</subfield>
    <subfield code="d">2010-03-04</subfield>
    <subfield code="e">Pioneers/1003/28-11-09/325/13-10-09 /30-11-09 </subfield>
    <subfield code="g">69.00</subfield>
    <subfield code="l">10</subfield>
    <subfield code="o">DVD MAUS</subfield>
    <subfield code="p">DVD-005951</subfield>
    <subfield code="r">2014-07-05 00:00:00</subfield>
    <subfield code="s">2014-06-20</subfield>
    <subfield code="t">1</subfield>
    <subfield code="w">2010-03-04</subfield>
    <subfield code="y">CF</subfield>
  </datafield>
  <datafield tag="952" ind1=" " ind2=" ">
    <subfield code="0">0</subfield>
    <subfield code="1">0</subfield>
    <subfield code="2">ddc</subfield>
    <subfield code="4">0</subfield>
    <subfield code="7">0</subfield>
    <subfield code="a">BL1</subfield>
    <subfield code="b">BL1</subfield>
    <subfield code="d">2010-03-04</subfield>
    <subfield code="e">Pioneers/1003/28-11-09/325/13-10-09 /30-11-09 </subfield>
    <subfield code="g">69.00</subfield>
    <subfield code="l">7</subfield>
    <subfield code="o">DVD MAUS</subfield>
    <subfield code="p">DVD-005952</subfield>
    <subfield code="r">2011-10-29 00:00:00</subfield>
    <subfield code="s">2011-10-18</subfield>
    <subfield code="t">1</subfield>
    <subfield code="w">2010-03-04</subfield>
    <subfield code="y">CF</subfield>
  </datafield>
  <datafield tag="952" ind1=" " ind2=" ">
    <subfield code="0">0</subfield>
    <subfield code="1">0</subfield>
    <subfield code="2">ddc</subfield>
    <subfield code="4">0</subfield>
    <subfield code="7">0</subfield>
    <subfield code="a">ZLS</subfield>
    <subfield code="b">ZLS</subfield>
    <subfield code="d">2010-03-04</subfield>
    <subfield code="e">Pioneers/1003/28-11-09/325/13-10-09 /30-11-09 </subfield>
    <subfield code="g">69.00</subfield>
    <subfield code="l">15</subfield>
    <subfield code="m">1</subfield>
    <subfield code="o">DVD MAUS</subfield>
    <subfield code="p">DVD-005953</subfield>
    <subfield code="r">2016-11-21 00:00:00</subfield>
    <subfield code="s">2016-11-04</subfield>
    <subfield code="t">1</subfield>
    <subfield code="w">2010-03-04</subfield>
    <subfield code="y">CF</subfield>
  </datafield>
  <datafield tag="952" ind1=" " ind2=" ">
    <subfield code="0">0</subfield>
    <subfield code="1">0</subfield>
    <subfield code="2">ddc</subfield>
    <subfield code="4">0</subfield>
    <subfield code="7">0</subfield>
    <subfield code="a">RKP</subfield>
    <subfield code="b">RKP</subfield>
    <subfield code="d">2010-03-04</subfield>
    <subfield code="e">Pioneers/1003/28-11-09/325/13-10-09 /30-11-09 </subfield>
    <subfield code="g">69.00</subfield>
    <subfield code="l">1</subfield>
    <subfield code="o">DVD MAUS</subfield>
    <subfield code="p">DVD-005954</subfield>
    <subfield code="r">2014-02-22 00:00:00</subfield>
    <subfield code="s">2014-02-10</subfield>
    <subfield code="t">1</subfield>
    <subfield code="w">2010-03-04</subfield>
    <subfield code="y">CF</subfield>
  </datafield>
  <datafield tag="952" ind1=" " ind2=" ">
    <subfield code="0">0</subfield>
    <subfield code="1">0</subfield>
    <subfield code="2">ddc</subfield>
    <subfield code="4">0</subfield>
    <subfield code="7">0</subfield>
    <subfield code="a">VP</subfield>
    <subfield code="b">VP</subfield>
    <subfield code="d">2010-03-04</subfield>
    <subfield code="e">Pioneers/1003/28-11-09/325/13-10-09 /30-11-09 </subfield>
    <subfield code="g">69.00</subfield>
    <subfield code="l">2</subfield>
    <subfield code="o">DVD MAUS</subfield>
    <subfield code="p">DVD-005955</subfield>
    <subfield code="r">2012-05-19 00:00:00</subfield>
    <subfield code="s">2012-05-19</subfield>
    <subfield code="t">1</subfield>
    <subfield code="w">2010-03-04</subfield>
    <subfield code="y">CF</subfield>
  </datafield>
  <datafield tag="952" ind1=" " ind2=" ">
    <subfield code="0">0</subfield>
    <subfield code="1">0</subfield>
    <subfield code="2">ddc</subfield>
    <subfield code="4">0</subfield>
    <subfield code="7">0</subfield>
    <subfield code="a">BL3</subfield>
    <subfield code="b">BL3</subfield>
    <subfield code="d">2010-03-04</subfield>
    <subfield code="e">Pioneers/1003/28-11-09/325/13-10-09 /30-11-09 </subfield>
    <subfield code="g">69.00</subfield>
    <subfield code="l">1</subfield>
    <subfield code="o">DVD MAUS</subfield>
    <subfield code="p">DVD-005956</subfield>
    <subfield code="r">2012-01-08 00:00:00</subfield>
    <subfield code="s">2011-12-31</subfield>
    <subfield code="t">1</subfield>
    <subfield code="w">2010-03-04</subfield>
    <subfield code="y">CF</subfield>
  </datafield>
  <datafield tag="952" ind1=" " ind2=" ">
    <subfield code="0">0</subfield>
    <subfield code="1">0</subfield>
    <subfield code="2">ddc</subfield>
    <subfield code="4">0</subfield>
    <subfield code="7">0</subfield>
    <subfield code="a">NR</subfield>
    <subfield code="b">NR</subfield>
    <subfield code="d">2010-03-04</subfield>
    <subfield code="e">Pioneers/1003/28-11-09/325/13-10-09 /30-11-09 </subfield>
    <subfield code="g">69.00</subfield>
    <subfield code="l">1</subfield>
    <subfield code="o">DVD MAUS</subfield>
    <subfield code="p">DVD-005957</subfield>
    <subfield code="r">2011-03-04 00:00:00</subfield>
    <subfield code="s">2011-02-18</subfield>
    <subfield code="t">1</subfield>
    <subfield code="w">2010-03-04</subfield>
    <subfield code="y">CF</subfield>
  </datafield>
  <datafield tag="952" ind1=" " ind2=" ">
    <subfield code="0">0</subfield>
    <subfield code="1">0</subfield>
    <subfield code="2">ddc</subfield>
    <subfield code="4">0</subfield>
    <subfield code="7">0</subfield>
    <subfield code="a">BL4</subfield>
    <subfield code="b">BL4</subfield>
    <subfield code="d">2010-03-04</subfield>
    <subfield code="e">Pioneers/1003/28-11-09/325/13-10-09 /30-11-09 </subfield>
    <subfield code="g">69.00</subfield>
    <subfield code="l">0</subfield>
    <subfield code="o">DVD MAUS</subfield>
    <subfield code="p">DVD-005958</subfield>
    <subfield code="r">2010-08-31 00:00:00</subfield>
    <subfield code="t">1</subfield>
    <subfield code="w">2010-03-04</subfield>
    <subfield code="y">CF</subfield>
  </datafield>
  <datafield tag="952" ind1=" " ind2=" ">
    <subfield code="0">0</subfield>
    <subfield code="1">0</subfield>
    <subfield code="2">ddc</subfield>
    <subfield code="4">0</subfield>
    <subfield code="7">0</subfield>
    <subfield code="a">JP</subfield>
    <subfield code="b">JP</subfield>
    <subfield code="d">2010-03-11</subfield>
    <subfield code="e">Pioneers/1099/25-12-09/325/13-10-09 /30-12-09 </subfield>
    <subfield code="g">69.00</subfield>
    <subfield code="l">16</subfield>
    <subfield code="m">1</subfield>
    <subfield code="o">DVD MAUS</subfield>
    <subfield code="p">DVD-006379</subfield>
    <subfield code="r">2013-05-18 00:00:00</subfield>
    <subfield code="s">2013-04-27</subfield>
    <subfield code="t">1</subfield>
    <subfield code="v">69.00</subfield>
    <subfield code="w">2010-03-11</subfield>
    <subfield code="y">CF</subfield>
  </datafield>
</record>
